[Event "2017 Australian Open Championship"]
[Site "Brisbane AUS"]
[Date "2017.01.02" ]
[Round "1.19"]
[White "Young, Nathanael"]
[Black "Choong, Yita"]
[Result "1/2-1/2"]
[WhiteElo "1773"]
[BlackElo "2275"]
[PlyCount "104"]

1. d4 Nf6 2. c4 e6 3. Nf3 b6 4. a3 Ba6 5. Qc2 Bb7 6. Nc3 c5 7. Bf4 cxd4 8. Nb5
d6 9. Qa4 Nc6 10. Nbxd4 Qd7 11. Bg5 Be7 12. e3 h6 13. Bh4 g5 14. Bg3 Nxd4 15.
Qxd7+ Kxd7 16. Nxd4 Ne4 17. Rd1 a6 18. f3 Nxg3 19. hxg3 h5 20. Kf2 f5 21. Bd3
Bf6 22. b4 h4 23. gxh4 gxh4 24. Nb3 Bb2 25. a4 Bc3 26. c5 Bxb4 27. cxb6 a5 28.
Rc1 Bc6 29. Nd4 Bc5 30. Nxc6 Kxc6 31. Rc4 h3 32. gxh3 Kxb6 33. h4 Rh5 34. Ke2
Rah8 35. Bc2 d5 36. Rf4 Bd6 37. Rd4 Be5 38. Rd3 Rxh4 39. Rb3+ Kc6 40. Rhb1 Rc4
41. Kd3 Rh2 42. Bd1 f4 43. exf4 Bxf4 44. R3b2 Rxb2 45. Rxb2 e5 46. Rc2 Kc5 47.
Rxc4+ dxc4+ 48. Kc3 Bg3 49. Be2 Be1+ 50. Kc2 Kb4 51. Bf1 Kc5 52. Bh3 Kd4
1/2-1/2

[Event "2017 Australian Open Championship"]
[Site "Brisbane AUS"]
[Date "2017.01.02" ]
[White "Ang, Alphaeus"]
[Black "Slater-Jones, Henry"]
[Result "1-0"]
[WhiteElo "2271"]
[BlackElo "1766"]
[PlyCount "61"]

1. d4 d5 2. c4 e6 3. Nc3 Nf6 4. Bg5 Nbd7 5. cxd5 exd5 6. e3 c6 7. Bd3 Be7 8.
Qc2 h6 9. Bxf6 Nxf6 10. Nf3 O-O 11. h3 b6 12. Ne5 Bb7 13. Ne2 Bd6 14. O-O Rc8
15. Bf5 Rc7 16. Nf4 Qe7 17. Nf3 Re8 18. g4 Ne4 19. Nd2 Nxd2 20. Qxd2 Qh4 21.
Kg2 Bxf4 22. exf4 Rce7 23. Rfe1 g6 24. Bd3 Rxe1 25. Rxe1 Rxe1 26. Qxe1 Kf8 27.
Qe5 Qd8 28. Qh8+ Ke7 29. Qxh6 c5 30. Qg5+ Ke8 31. Bb5+ 1-0

[Event "2017 Australian Open Championship"]
[Site "Brisbane AUS"]
[Date "2017.01.02" ]
[Round "1.21"]
[White "Hamilton, Don"]
[Black "Stojic, Dusan"]
[Result "0-1"]
[WhiteElo "1764"]
[BlackElo "2252"]
[PlyCount "54"]

1. e4 c5 2. c3 Nf6 3. d3 Nc6 4. Nd2 g6 5. Ngf3 Bg7 6. Be2 O-O 7. O-O b6 8. Qc2
Bb7 9. Re1 e5 10. Bf1 d5 11. a4 Re8 12. g3 h6 13. Bg2 Qd7 14. exd5 Nxd5 15. Nc4
Kh7 16. Nfd2 f5 17. Nb3 Rad8 18. a5 Ndb4 19. Qd2 Nxd3 20. axb6 Nxe1 21. Qxe1
axb6 22. Be3 Qf7 23. Qe2 Nd4 24. cxd4 Bxg2 25. Kxg2 exd4 26. Qc2 b5 27. Nxd4
cxd4 0-1

[Event "2017 Australian Open Championship"]
[Site "Brisbane AUS"]
[Date "2017.01.02" ]
[Round "1.22"]
[White "Liu, Yi"]
[Black "Zheng, Marco Le Lun"]
[Result "1-0"]
[WhiteElo "2250"]
[BlackElo "1753"]
[PlyCount "119"]

1. d4 Nf6 2. Nf3 e6 3. Bf4 b6 4. e3 Bb7 5. Bd3 d6 6. Nbd2 Be7 7. e4 Nbd7 8. O-O
O-O 9. h3 Rc8 10. c4 c5 11. d5 e5 12. Be3 Re8 13. g3 Bf8 14. Nh2 a6 15. a4 g6
16. f4 Bg7 17. f5 Rf8 18. g4 Ne8 19. g5 f6 20. fxg6 hxg6 21. Qg4 Kh7 22. Ndf3
Nc7 23. Rf2 Rb8 24. Raf1 Bc8 25. Qh4+ Kg8 26. Ng4 Ne8 27. Nh6+ Bxh6 28. Qxh6
Rf7 29. gxf6 Ndxf6 30. Rg2 Rbb7 31. Rxg6+ Rg7 32. Ng5 Rxg6 33. Qxg6+ Rg7 34.
Qh6 Nh7 35. h4 Nxg5 36. Bxg5 Qd7 37. Qh5 Qg4+ 38. Qxg4 Bxg4 39. Kh2 Bd7 40. b3
Rf7 41. Kg3 Kg7 42. Rxf7+ Kxf7 43. Bd8 Nf6 44. Bxb6 Nh5+ 45. Kf3 Nf4 46. Bf1
Ke7 47. Ba5 Be8 48. Ke3 Bh5 49. b4 cxb4 50. Bxb4 Ng6 51. c5 dxc5 52. Bxc5+ Kd7
53. Bxa6 Nxh4 54. Bb5+ Kd8 55. a5 Ng6 56. Kf2 Nf4 57. a6 Be8 58. Bb6+ Ke7 59.
Bxe8 Kxe8 60. a7 1-0

[Event "2017 Australian Open Championship"]
[Site "Brisbane AUS"]
[Date "2017.01.02" ]
[Round "1.23"]
[White "Lilly, Richard"]
[Black "Nakauchi, Gene"]
[Result "0-1"]
[WhiteElo "1747"]
[BlackElo "2238"]
[PlyCount "66"]

1. e4 c5 2. d3 Nc6 3. g3 g6 4. Bg2 Bg7 5. Ne2 d6 6. O-O e6 7. Nbc3 Nge7 8. f4
f5 9. Rb1 O-O 10. Be3 e5 11. Qd2 Be6 12. fxe5 Nxe5 13. Nf4 Bf7 14. Ncd5 fxe4
15. Nxe7+ Qxe7 16. Bxe4 Nc4 17. dxc4 Qxe4 18. b3 g5 19. Nd5 Rae8 20. Rbe1 Bxd5
21. Qxd5+ Qxd5 22. cxd5 Rxf1+ 23. Kxf1 Bc3 24. Re2 Re5 25. h4 gxh4 26. gxh4
Rxd5 27. Bg5 Rf5+ 28. Kg2 d5 29. Re8+ Rf8 30. Re6 Bd4 31. Re7 Rf2+ 32. Kg3 Rxc2
33. a4 Rc3+ 0-1

[Event "2017 Australian Open Championship"]
[Site "Brisbane AUS"]
[Date "2017.01.02" ]
[Round "1.24"]
[White "Hu, Jason"]
[Black "Strickland, Rebecca"]
[Result "1-0"]
[WhiteElo "2181"]
[BlackElo "1745"]
[PlyCount "83"]

1. c4 e5 2. Nc3 Nf6 3. g3 c6 4. d4 Qc7 5. dxe5 Qxe5 6. Bf4 Qc5 7. Qd3 Be7 8. a3
Qa5 9. Bd2 Qc7 10. e4 d6 11. O-O-O Nbd7 12. Bf4 Ne5 13. Qe2 Be6 14. c5 dxc5 15.
Nf3 Nfd7 16. Rxd7 Qxd7 17. Nxe5 Qd4 18. Bh3 Bb3 19. Bd7+ Kf8 20. Bh3 Rd8 21.
Bf1 f6 22. Nf3 Qd7 23. h4 Qe6 24. Nd2 c4 25. Nxb3 cxb3 26. Qc4 Qg4 27. Be2 Qc8
28. Bh5 g6 29. Bh6+ Ke8 30. Bf3 a6 31. Bg7 Rf8 32. Bxf8 Bxf8 33. Qxb3 Bh6+ 34.
Kb1 Kf8 35. h5 Kg7 36. Qb4 Qc7 37. Rd1 Rf8 38. Bg4 Rf7 39. Na4 Qe5 40. Nc5 Re7
41. f4 Qc7 42. Ne6+ 1-0

[Event "2017 Australian Open Championship"]
[Site "Brisbane AUS"]
[Date "2017.01.02" ]
[Round "1.25"]
[White "Stark, Ken"]
[Black "Sheldrick, Kevin"]
[Result "0-1"]
[WhiteElo "1743"]
[BlackElo "2151"]
[PlyCount "104"]

1. e4 Nf6 2. Nc3 d5 3. e5 Nfd7 4. d4 c5 5. Bb5 e6 6. Nf3 Nc6 7. Bf4 a6 8. Bxc6
bxc6 9. O-O Rb8 10. b3 Qa5 11. Ne2 cxd4 12. Nexd4 Bb7 13. Re1 Be7 14. Nf5 exf5
15. e6 fxe6 16. Bxb8 Nxb8 17. Rxe6 Bc8 18. Re2 Kd8 19. Rxe7 Kxe7 20. Qe2+ Kd8
21. Re1 Qc7 22. Nd4 g6 23. Qe3 Bd7 24. Ne6+ Bxe6 25. Qxe6 Rf8 26. Qe3 f4 27.
Qh3 Qd7 28. Qh4+ Kc8 29. Re7 Re8 30. Rxe8+ Qxe8 31. h3 Qf7 32. Qg4+ Nd7 33. Qe2
Kb7 34. Qd2 Qf8 35. c4 Qd6 36. b4 Nf6 37. f3 Qe5 38. Qc2 d4 39. Kh2 Nh5 40. c5
Ng3 41. Qb3 Qd5 42. Qd3 Nh5 43. Qe2 Qd7 44. Qd3 Ng7 45. a4 Ne6 46. Kh1 Qd5 47.
b5 cxb5 48. axb5 Nxc5 49. bxa6+ Ka7 50. Qe2 d3 51. Qe7+ Nd7 52. Qb4 d2 0-1

[Event "2017 Australian Open Championship"]
[Site "Brisbane AUS"]
[Date "2017.01.02" ]
[Round "1.26"]
[White "Kasparova, Tatiana"]
[Black "Gong, Michael (Qiming)"]
[Result "1-0"]
[WhiteElo "2146"]
[BlackElo "1731"]
[PlyCount "97"]

1. e4 c5 2. Nf3 Nc6 3. Bb5 d6 4. O-O Bd7 5. Re1 g6 6. c3 Bg7 7. Bf1 Bg4 8. h3
Bxf3 9. Qxf3 Nf6 10. Na3 O-O 11. d3 Qd7 12. Nc2 e5 13. Be3 Qe6 14. g3 Rfe8 15.
Bg2 Rac8 16. Qd1 b6 17. Bg5 h6 18. Bxf6 Bxf6 19. Ne3 Ne7 20. h4 Bg7 21. Kh2 Kh7
22. h5 b5 23. Bh3 Qf6 24. Bxc8 Qxf2+ 25. Ng2 Rxc8 26. Rf1 Qxb2 27. Rxf7 Re8 28.
hxg6+ Nxg6 29. Qc1 Qe2 30. Qd1 Qb2 31. Qe1 Qc2 32. Rxa7 Rf8 33. Kg1 Rf3 34. Rc1
Qxd3 35. Rd1 Qxc3 36. Qxc3 Rxc3 37. Kf2 Rc2+ 38. Kf3 Rc3+ 39. Ne3 c4 40. Rxd6
Nf8 41. Ke2 Rc1 42. Nf5 Rc2+ 43. Kd1 Rh2 44. Rxg7+ Kh8 45. Rd8 Rh1+ 46. Ke2
Rh2+ 47. Kf3 Rf2+ 48. Kxf2 c3 49. Rxf8# 1-0

[Event "2017 Australian Open Championship"]
[Site "Brisbane AUS"]
[Date "2017.01.02" ]
[Round "1.27"]
[White "Therakam, Clint"]
[Black "Halpin, Patrick"]
[Result "0-1"]
[WhiteElo "1720"]
[BlackElo "2108"]
[PlyCount "28"]

1. d4 Nc6 2. c4 e5 3. d5 Bb4+ 4. Bd2 Bxd2+ 5. Qxd2 Nce7 6. Qg5 d6 7. Qxg7 Ng6
8. h4 h5 9. Nf3 Qe7 10. Ng5 Nf6 11. Nc3 Rg8 12. Qh6 Bf5 13. Nf3 Nf4 14. e3 Ng4
0-1

[Event "2017 Australian Open Championship"]
[Site "Brisbane AUS"]
[Date "2017.01.02" ]
[Round "1.28"]
[White "de Seroux, Camille"]
[Black "Craven, Mark"]
[Result "1-0"]
[WhiteElo "2094"]
[BlackElo "1711"]
[PlyCount "107"]

1. e4 e5 2. Nf3 Nc6 3. d4 exd4 4. Nxd4 Nf6 5. Nxc6 bxc6 6. e5 Nd5 7. c4 Bb4+ 8.
Bd2 Bxd2+ 9. Qxd2 Nb6 10. c5 Nd5 11. Nc3 Nxc3 12. Qxc3 O-O 13. Bc4 Kh8 14. O-O
f6 15. Rad1 Qe7 16. exf6 Rxf6 17. Qd4 d5 18. cxd6 cxd6 19. Rfe1 Qf8 20. Rd2 d5
21. Bb3 Bf5 22. Rde2 Rf7 23. Re5 Bg6 24. Qe3 Rc7 25. h4 Rcc8 26. Qc3 Qf6 27. h5
Bf7 28. Qe3 Rf8 29. Bc2 g6 30. hxg6 Bxg6 31. Re6 Qg7 32. Bxg6 hxg6 33. Rxc6
Rae8 34. Qh3+ Kg8 35. Ree6 Rxe6 36. Qxe6+ Kh7 37. Qxd5 Qxb2 38. Qd7+ Qg7 39.
Qxg7+ Kxg7 40. Rc7+ Rf7 41. Rxf7+ Kxf7 42. Kf1 Kf6 43. Ke2 Ke5 44. Ke3 g5 45.
Kd3 Kd5 46. f3 Ke5 47. Ke3 Kf5 48. g3 Ke5 49. a4 a5 50. Kd3 Kd5 51. f4 gxf4 52.
gxf4 Ke6 53. Kc4 Kf5 54. Kb5 1-0

[Event "2017 Australian Open Championship"]
[Site "Brisbane AUS"]
[Date "2017.01.02" ]
[Round "1.29"]
[White "Ingham, Glenn"]
[Black "Kethro, Michael"]
[Result "0-1"]
[WhiteElo "1710"]
[BlackElo "2091"]
[PlyCount "60"]

1. d4 Nf6 2. Nf3 d5 3. Bf4 c5 4. c3 Qb6 5. Qc2 Nc6 6. Nbd2 cxd4 7. cxd4 Nxd4 8.
Nxd4 Qxd4 9. e3 Qb6 10. a4 Bd7 11. Bd3 Rc8 12. Qb1 e6 13. O-O Bd6 14. Bxd6 Qxd6
15. e4 Bc6 16. Re1 Nd7 17. b4 b6 18. exd5 Bxd5 19. Ne4 Qe7 20. Ng3 g6 21. Qb2
Qf6 22. Qe2 O-O 23. Ne4 Qd4 24. b5 Nc5 25. Nxc5 Rxc5 26. a5 Rfc8 27. axb6 axb6
28. Ra6 Rc3 29. Bb1 Rc1 30. h3 Qb4 0-1

[Event "2017 Australian Open Championship"]
[Site "Brisbane AUS"]
[Date "2017.01.02" ]
[Round "1.30"]
[White "Dowden, Tony"]
[Black "Haydn, Gavin"]
[Result "1-0"]
[WhiteElo "2090"]
[BlackElo "1702"]
[PlyCount "77"]

1. c4 e5 2. Nc3 Nf6 3. g3 Nc6 4. Bg2 g6 5. d3 Bg7 6. Rb1 O-O 7. b4 Ne7 8. Nf3
d6 9. O-O Ne8 10. Qb3 c6 11. Rd1 f5 12. b5 h6 13. a4 Kh7 14. d4 e4 15. Ne1 d5
16. Ba3 Nd6 17. bxc6 bxc6 18. cxd5 cxd5 19. Bxd6 Qxd6 20. Nb5 Qd7 21. e3 Rb8
22. Qa3 Rf6 23. Nc3 Rfb6 24. Rxb6 Rxb6 25. Bf1 g5 26. a5 Rg6 27. Bb5 Qe6 28.
Ne2 Bf8 29. Qa4 Rg8 30. a6 Ng6 31. Ng2 Bd6 32. Rc1 Rg7 33. Be8 f4 34. exf4 gxf4
35. Bxg6+ Rxg6 36. Nexf4 Bd7 37. Qb3 Qf5 38. Nxg6 Kxg6 39. Nh4+ 1-0

[Event "2017 Australian Open Championship"]
[Site "Brisbane AUS"]
[Date "2017.01.02" ]
[Round "1.31"]
[White "Courtney, Michael"]
[Black "Truscott, Tony"]
[Result "0-1"]
[WhiteElo "1700"]
[BlackElo "2084"]
[PlyCount "78"]

1. e4 c6 2. d3 d5 3. Nd2 e5 4. Ngf3 Nd7 5. g3 Ngf6 6. Bg2 Bd6 7. O-O O-O 8. c3
Re8 9. Qc2 h6 10. a4 a5 11. Re1 Qc7 12. d4 dxe4 13. Nxe5 c5 14. Nxd7 Bxd7 15.
Nxe4 Nxe4 16. Bxe4 cxd4 17. Bd2 Rac8 18. Rac1 Qb6 19. b3 dxc3 20. Bxc3 Be6 21.
Qd2 Ba3 22. Rb1 Bb4 23. Bxb4 axb4 24. Qe3 Qxe3 25. Rxe3 b6 26. Rbe1 Rc5 27. Bd3
Rd8 28. Bb5 Rd2 29. Rxe6 fxe6 30. Rxe6 Rc1+ 31. Kg2 Rcc2 32. Rxb6 Rxf2+ 33. Kh3
h5 34. Rb8+ Rf8 35. Rxf8+ Kxf8 36. Bd7 Ke7 37. Bf5 Rc3 38. Kh4 Rxb3 39. Kxh5
Kf6 0-1

[Event "2017 Australian Open Championship"]
[Site "Brisbane AUS"]
[Date "2017.01.02" ]
[Round "1.32"]
[White "Holliday, Bruce"]
[Black "Au, Alexander"]
[Result "1/2-1/2"]
[WhiteElo "2045"]
[BlackElo "1699"]
[PlyCount "56"]

1. e4 d5 2. exd5 Nf6 3. d4 Bg4 4. Nf3 Qxd5 5. Be2 e6 6. Be3 Nc6 7. O-O O-O-O 8.
c4 Qf5 9. Nbd2 Bd6 10. h3 Bh5 11. Qb1 Qxb1 12. Raxb1 Bg6 13. Rbc1 h6 14. a3 Nh5
15. Nh4 Nf4 16. Bf3 Bd3 17. c5 Bxf1 18. Kxf1 Be7 19. Bxc6 bxc6 20. Nhf3 Ng6 21.
Nc4 Bf6 22. Na5 Ne7 23. Rc4 Kd7 24. Ra4 Rb8 25. Nc4 Rb7 26. Ra6 Ra8 27. b4 g5
28. Ke2 Bg7 1/2-1/2

[Event "2017 Australian Open Championship"]
[Site "Brisbane AUS"]
[Date "2017.01.02" ]
[Round "1.33"]
[White "Yao, Licia"]
[Black "Maguire, Tom"]
[Result "0-1"]
[WhiteElo "1687"]
[BlackElo "2040"]
[PlyCount "82"]

1. d4 Nf6 2. c4 c5 3. d5 b5 4. Qc2 d6 5. e4 b4 6. Bd3 g6 7. Ne2 e5 8. O-O Bg7
9. Bd2 a5 10. a4 O-O 11. Be1 Nh5 12. Nd2 Nf4 13. Nxf4 exf4 14. f3 Nd7 15. Nb3
Ne5 16. Ra2 Qf6 17. Be2 Re8 18. Kh1 Kf8 19. Rg1 g5 20. Qd1 Ke7 21. g3 Kd8 22.
gxf4 gxf4 23. Bh4 Qxh4 24. Rxg7 Kc7 25. Nc1 Kb6 26. b3 Bh3 27. Qg1 f5 28. Nd3
Nxf3 29. Bxf3 fxe4 30. Bxe4 Rxe4 31. Rg8 Rxg8 32. Qxg8 Re1+ 33. Nxe1 Qxe1+ 34.
Qg1 Qe4+ 35. Rg2 Bxg2+ 36. Qxg2 f3 37. Qf2 Qb1+ 38. Qg1 Qxb3 39. Qg8 Qd1+ 40.
Qg1 Qxg1+ 41. Kxg1 b3 0-1

[Event "2017 Australian Open Championship"]
[Site "Brisbane AUS"]
[Date "2017.01.02" ]
[Round "1.34"]
[White "Clarke, Matthew"]
[Black "Kay, James"]
[Result "1/2-1/2"]
[WhiteElo "2040"]
[BlackElo "1677"]
[PlyCount "114"]

1. e4 e5 2. Nf3 Nc6 3. Bc4 Nf6 4. d3 Be7 5. O-O O-O 6. c3 d6 7. Nbd2 Na5 8. Bb3
Nxb3 9. Qxb3 c6 10. Re1 Qc7 11. d4 Be6 12. Qc2 Rad8 13. Nf1 Bg4 14. N3d2 Bh5
15. dxe5 dxe5 16. Nb3 Bg6 17. f3 h6 18. Be3 Nd5 19. Bf2 Nf4 20. Rad1 f5 21. Ng3
fxe4 22. Nxe4 b6 23. Nc1 Kh8 24. Ne2 Ne6 25. N2g3 h5 26. b4 h4 27. Nf1 h3 28.
Bg3 hxg2 29. Qxg2 Rxd1 30. Rxd1 Bxe4 31. Qh3+ Bh7 32. Qxe6 Bf5 33. Qxe5 Qxe5
34. Bxe5 Be6 35. Nd2 Rf5 36. Re1 Rg5+ 37. Bg3 Rg6 38. a3 c5 39. Ne4 cxb4 40.
axb4 Bd5 41. Kf2 Bxe4 42. fxe4 Rc6 43. Ra1 Rxc3 44. Rxa7 Rc2+ 45. Ke3 Bxb4 46.
Kd3 Rc3+ 47. Kd4 Rc2 48. Rb7 Bc5+ 49. Ke5 Bg1 50. Kf5 Bxh2 51. Bxh2 Rxh2 52. e5
Kg8 53. Ke6 g5 54. Kf6 Rf2+ 55. Kxg5 Kf8 56. e6 Ke8 57. Kg6 b5 1/2-1/2

[Event "2017 Australian Open Championship"]
[Site "Brisbane AUS"]
[Date "2017.01.02" ]
[Round "1.35"]
[White "Dickson, Ian"]
[Black "Myers, John"]
[Result "0-1"]
[WhiteElo "1672"]
[BlackElo "2039"]
[PlyCount "86"]

1. c4 e5 2. Nc3 Nc6 3. d3 f5 4. Nf3 Nf6 5. e3 Be7 6. Be2 O-O 7. O-O d6 8. a3
Qe8 9. Nd5 Bd8 10. b4 Be6 11. Nxf6+ Bxf6 12. d4 Bc8 13. Bb2 e4 14. Nd2 f4 15.
Nb3 f3 16. gxf3 Bh3 17. Kh1 Bxf1 18. Qxf1 Bh4 19. f4 Bf6 20. Qg2 Nb8 21. Rg1
Nd7 22. Nd2 c6 23. Nxe4 Qe7 24. Bd3 d5 25. Nxf6+ Nxf6 26. c5 Rae8 27. Bc1 Rf7
28. f3 Qe6 29. Qg5 Kh8 30. Bf5 Qe7 31. Bd3 Qe6 32. Bf5 Qe7 33. Bd3 Nd7 34. Qh5
Nf8 35. Rg5 Rf6 36. Re5 Re6 37. Rxe6 Qxe6 38. f5 g6 39. fxg6 Nxg6 40. e4 dxe4
41. Bxe4 Qc4 42. Kg2 Qe2+ 43. Kg3 Rxe4 0-1

[Event "2017 Australian Open Championship"]
[Site "Brisbane AUS"]
[Date "2017.01.02" ]
[Round "1.36"]
[White "Mallari, Donato"]
[Black "Esmaili, Ali"]
[Result "1-0"]
[WhiteElo "2036"]
[BlackElo "1666"]
[PlyCount "53"]

1. d4 d5 2. c4 e6 3. Nf3 Nf6 4. Bf4 Nbd7 5. e3 a6 6. a4 Ne4 7. Bd3 Bb4+ 8. Nbd2
g5 9. Bxe4 gxf4 10. Bd3 Rg8 11. O-O Qf6 12. cxd5 exd5 13. exf4 Qxf4 14. Re1+
Kf8 15. Re3 Nf6 16. Nf1 Bg4 17. Ng3 c5 18. Be2 c4 19. Ne5 h5 20. h3 Bd6 21.
Nxh5 Bxh5 22. Bxh5 Rg5 23. Rf3 Qe4 24. Nxf7 Rxg2+ 25. Kxg2 Nxh5 26. Nxd6+ Nf4+
27. Kf1 1-0

[Event "2017 Australian Open Championship"]
[Site "Brisbane AUS"]
[Date "2017.01.02" ]
[Round "1.37"]
[White "Behne-Smith, Jonathan"]
[Black "Lester, George"]
[Result "0-1"]
[WhiteElo "1653"]
[BlackElo "2031"]
[PlyCount "58"]

1. d4 Nf6 2. Nf3 g6 3. Bf4 d6 4. h3 Bg7 5. Qc1 O-O 6. Bh6 c5 7. Bxg7 Kxg7 8. e3
Bf5 9. g4 Be4 10. Nbd2 Bxf3 11. Nxf3 Nc6 12. Bg2 Qa5+ 13. c3 Rac8 14. O-O e5
15. g5 Nh5 16. d5 Ne7 17. Nh4 f6 18. f4 fxg5 19. fxg5 Ng3 20. Rf2 Nef5 21.
Nxf5+ Rxf5 22. e4 Rxf2 23. Kxf2 Nh5 24. Qe3 Rf8+ 25. Kg1 Rf4 26. Bf3 Qd8 27.
Bxh5 Qxg5+ 28. Kh2 Qxh5 29. Rg1 Rf3 0-1

[Event "2017 Australian Open Championship"]
[Site "Brisbane AUS"]
[Date "2017.01.02" ]
[Round "1.38"]
[White "Cashman, Michael"]
[Black "Brockman, Roland"]
[Result "1-0"]
[WhiteElo "2028"]
[BlackElo "1643"]
[PlyCount "85"]

1. c4 e6 2. Nf3 Nf6 3. g3 d5 4. Bg2 c5 5. O-O Nc6 6. b3 Be7 7. Bb2 O-O 8. d3 d4
9. a3 Qc7 10. Nbd2 Rd8 11. Qc2 Rb8 12. e3 dxe3 13. fxe3 Ng4 14. Rae1 Bf6 15.
Bxf6 Nxf6 16. Ng5 h6 17. Nge4 Nxe4 18. Nxe4 b6 19. Qc3 e5 20. Qc2 Be6 21. Nc3
Qd7 22. Nd5 Bh3 23. Qf2 Bxg2 24. Kxg2 Rf8 25. Qf3 Ne7 26. e4 Nc6 27. Qh5 f6 28.
Qg6 Ne7 29. Qh5 Nc6 30. b4 Nd4 31. Qg6 Qe8 32. Nxf6+ Rxf6 33. Rxf6 Qxg6 34.
Rxg6 Nc2 35. Re2 Nxa3 36. bxc5 bxc5 37. Ra2 Rb3 38. Ra6 Nb1 39. Rd6 Nc3 40.
Rxa7 Rb2+ 41. Kf3 Rb1 42. Rd8+ Kh7 43. Rdd7 1-0

[Event "2017 Australian Open Championship"]
[Site "Brisbane AUS"]
[Date "2017.01.02" ]
[Round "1.39"]
[White "Wang, Jason"]
[Black "Slater-Jones, Tom"]
[Result "1-0"]
[WhiteElo "1641"]
[BlackElo "2005"]
[PlyCount "103"]

1. e4 e6 2. d4 d5 3. Nd2 Be7 4. c3 c5 5. exd5 Qxd5 6. Ngf3 cxd4 7. Bc4 Qc6 8.
Nxd4 Qxg2 9. Qf3 Qxf3 10. N2xf3 a6 11. Rg1 Bf6 12. Bf4 Ne7 13. O-O-O b5 14. Bb3
Nd7 15. Rde1 Bb7 16. Ne5 Nc5 17. Bc2 Nd5 18. Bg3 Rd8 19. Kb1 O-O 20. h4 Rc8 21.
h5 h6 22. Nb3 Nxb3 23. axb3 Bg5 24. Be4 Ba8 25. Ka1 Rfd8 26. Rd1 Kf8 27. Rge1
Ke7 28. c4 Nb4 29. Bxa8 Rxa8 30. Kb1 Rac8 31. f4 Bf6 32. Bf2 Rxd1+ 33. Rxd1
Bxe5 34. fxe5 bxc4 35. Rd4 Rd8 36. Bh4+ f6 37. exf6+ gxf6 38. Rxd8 Kxd8 39.
Bxf6+ Ke8 40. bxc4 Kf7 41. Bc3 Nc6 42. Bd2 Kg7 43. b4 e5 44. b5 axb5 45. cxb5
Nd8 46. b6 Nb7 47. Be3 Kf7 48. Bxh6 Ke6 49. Be3 Kd7 50. h6 Nd6 51. h7 Nf7 52.
Kc2 1-0

[Event "2017 Australian Open Championship"]
[Site "Brisbane AUS"]
[Date "2017.01.02" ]
[Round "1"]
[Round "1.40"]
[White "Jule, Alexandra"]
[Black "Ahmer, Axel"]
[Result "1-0"]
[WhiteElo "1998"]
[BlackElo "1638"]
[PlyCount "45"]

1. d4 Nf6 2. Nf3 d6 3. g3 Nbd7 4. Bg2 c6 5. c4 e5 6. Nc3 e4 7. Ng5 d5 8. cxd5
cxd5 9. O-O h6 10. Nh3 Nb6 11. a4 Bb4 12. a5 Nbd7 13. Qb3 Bxc3 14. bxc3 O-O 15.
f3 Re8 16. Nf4 Nf8 17. fxe4 dxe4 18. Nh5 Nd5 19. Bxh6 Be6 20. Nxg7 Kh7 21. Nxe6
Rxe6 22. Bxf8 Nf6 23. Bh3 1-0

[Event "2017 Australian Open Championship"]
[Site "Brisbane AUS"]
[Date "2017.01.02" ]
[Round "1.41"]
[White "Cronin, Peter"]
[Black "Yang, Ray"]
[Result "0-1"]
[WhiteElo "1635"]
[BlackElo "1996"]
[PlyCount "102"]

1. Nf3 Nf6 2. g3 g6 3. Bg2 Bg7 4. O-O O-O 5. c4 c6 6. Nc3 d5 7. cxd5 cxd5 8. d4
Nc6 9. e3 Bf5 10. Nh4 Bg4 11. f3 Be6 12. f4 Qd7 13. Nf3 Bg4 14. Qb3 Na5 15. Qb5
Qxb5 16. Nxb5 Ne4 17. Ne5 Be2 18. Bxe4 Bxf1 19. Nc7 dxe4 20. Nxa8 Bxe5 21. fxe5
Bd3 22. Nc7 e6 23. Bd2 Nc6 24. a4 a6 25. b4 Rc8 26. b5 Nxd4 27. exd4 Rxc7 28.
Rc1 Rxc1+ 29. Bxc1 axb5 30. axb5 Bxb5 31. Kf2 Kf8 32. Ke3 Bd3 33. Kd2 f6 34.
exf6 Kf7 35. d5 exd5 36. Bb2 Bb5 37. Ke3 Ke6 38. Kf4 h6 39. h4 Be8 40. g4 b5
41. g5 hxg5+ 42. hxg5 b4 43. Ke3 Kf5 44. Bc1 Kxg5 45. Kd4+ Kxf6 46. Kxd5 Kf5
47. Kc4 Kg4 48. Kxb4 Kf3 49. Kc3 e3 50. Kd3 e2 51. Bd2 Kf2 0-1

[Event "2017 Australian Open Championship"]
[Site "Brisbane AUS"]
[Date "2017.01.02" ]
[Round "1.42"]
[White "Bhat, Vishal"]
[Black "van der Meer, Andrew"]
[Result "1-0"]
[WhiteElo "1995"]
[BlackElo "1612"]
[PlyCount "45"]

1. e4 e6 2. d4 d5 3. Nc3 Nf6 4. e5 Nfd7 5. f4 c5 6. Nf3 Nc6 7. Be3 cxd4 8. Nxd4
Qb6 9. Qd2 Nxd4 10. Bxd4 Bc5 11. Na4 Qc7 12. Nxc5 Nxc5 13. Qe3 b6 14. O-O-O Bd7
15. Kb1 Rc8 16. g4 a5 17. h4 Ba4 18. Rh2 Qc6 19. f5 Bb5 20. Qg5 g6 21. fxg6
hxg6 22. Bxc5 Bxf1 23. Qe7# 1-0

[Event "2017 Australian Open Championship"]
[Site "Brisbane AUS"]
[Date "2017.01.02" ]
[Round "1.43"]
[White "Sravan, Renjith"]
[Black "Savige, Colin"]
[Result "1/2-1/2"]
[WhiteElo "1612"]
[BlackElo "1986"]
[PlyCount "77"]

1. d4 Nf6 2. Bf4 c5 3. e3 Qb6 4. b3 Nc6 5. Nf3 e6 6. Be2 Be7 7. O-O O-O 8. Nbd2
d5 9. dxc5 Bxc5 10. c4 Re8 11. cxd5 exd5 12. Rc1 Ba3 13. Ra1 h6 14. Qc2 Bg4 15.
h3 Bh5 16. Nb1 Bg6 17. Qd2 Ne4 18. Qe1 Bb2 19. Nbd2 Bxa1 20. Qxa1 a5 21. Nxe4
dxe4 22. Ne5 Bf5 23. Nc4 Qc5 24. Nd6 Be6 25. Rc1 Qb4 26. Nxe8 Rxe8 27. Bc4 b5
28. Bxe6 Rxe6 29. Qc3 Qa3 30. Qd2 Kh7 31. Rb1 Nb4 32. Qb2 Qxb2 33. Rxb2 Rc6 34.
a4 bxa4 35. bxa4 Rc1+ 36. Kh2 Kg6 37. Kg3 Kf5 38. Bd6 Rc4 39. Bxb4 1/2-1/2

[Event "2017 Australian Open Championship"]
[Site "Brisbane AUS"]
[Date "2017.01.02" ]
[Round "1.44"]
[White "Macdonald, Paul"]
[Black "Fereday, Tony"]
[Result "1-0"]
[WhiteElo "1972"]
[BlackElo "1604"]
[PlyCount "23"]

1. b3 d5 2. Bb2 c5 3. Nf3 Bg4 4. Ne5 Bf5 5. e3 Nc6 6. Bb5 Qb6 7. Nc3 d4 8. Nd5
Qd8 9. Nxc6 bxc6 10. Bxc6+ Bd7 11. Bxa8 Qxa8 12. Nc7+ 1-0

[Event "2017 Australian Open Championship"]
[Site "Brisbane AUS"]
[Date "2017.01.02" ]
[Round "1.45"]
[White "Davidovici, Victor"]
[Black "Mortensen, Henrik"]
[Result "0-1"]
[WhiteElo "1603"]
[BlackElo "1938"]
[PlyCount "49"]

1. d4 Nf6 2. Nf3 c5 3. c4 e6 4. Nc3 cxd4 5. Nxd4 a6 6. g3 Qc7 7. Qd3 Nc6 8.
Nxc6 Qxc6 9. e4 Bb4 10. Bg2 O-O 11. Bd2 b6 12. O-O Bb7 13. Rfe1 Rfe8 14. a3 Bf8
15. h3 Rac8 16. b3 d6 17. Kh2 Nd7 18. Bh1 Nc5 19. Qc2 Qc7 20. Bf4 b5 21. e5
bxc4 22. bxc4 Bxh1 23. exd6 Bxd6 24. Rxh1 Nd7 25. Ne4 0-1

[Event "2017 Australian Open Championship"]
[Site "Brisbane AUS"]
[Date "2017.01.02" ]
[Round "1.46"]
[White "Norris, Damian"]
[Black "Jempson, Ross"]
[Result "1-0"]
[WhiteElo "1929"]
[BlackElo "1576"]
[PlyCount "79"]

1. e4 c5 2. Nf3 d6 3. d4 cxd4 4. Nxd4 Nf6 5. Nc3 g6 6. Be2 Bg7 7. Be3 O-O 8.
O-O Nc6 9. Qd2 Ng4 10. Bxg4 Bxg4 11. f3 Bd7 12. Rad1 Ne5 13. b3 Re8 14. Nd5 Bc6
15. Ne2 b6 16. c4 Rc8 17. Qb4 Rb8 18. Nd4 Ba8 19. Qa4 Rb7 20. h3 Qd7 21. Qxd7
Rxd7 22. Nb5 Rb8 23. f4 Nc6 24. e5 Nxe5 25. fxe5 Bxe5 26. Bf4 Bxf4 27. Rxf4 Kg7
28. g4 h6 29. Rdf1 Rf8 30. Nbc3 Bb7 31. Re1 Re8 32. Rf2 Kf8 33. Ref1 f6 34. Re1
Kf7 35. Kh2 Bc6 36. Kg3 Rh8 37. Rfe2 Re8 38. Re6 Rb7 39. h4 Bxd5 40. Nxd5 1-0

[Event "2017 Australian Open Championship"]
[Site "Brisbane AUS"]
[Date "2017.01.02" ]
[Round "1.47"]
[White "Gray, David Peter"]
[Black "Choong, Mark"]
[Result "1/2-1/2"]
[WhiteElo "1555"]
[BlackElo "1928"]
[PlyCount "61"]

1. e4 c5 2. c3 g6 3. d4 cxd4 4. cxd4 d5 5. e5 Bg7 6. Nc3 Nc6 7. Bb5 f6 8. f4
Nh6 9. Nf3 Bg4 10. h3 Bxf3 11. Qxf3 e6 12. O-O O-O 13. Bxc6 bxc6 14. Qd3 fxe5
15. fxe5 Rxf1+ 16. Kxf1 Qh4 17. Be3 Nf5 18. Bf2 Qg5 19. Na4 Rf8 20. Kg1 Bh6 21.
Re1 Qd2 22. Qxd2 Bxd2 23. Re2 Bg5 24. Rc2 Rc8 25. Nc5 Kf7 26. Nb7 Ke7 27. b3
Rc7 28. Nc5 h5 29. Nd3 Ne3 30. Rc5 Nf5 31. Rc3 1/2-1/2